| 000 | 00934nam a2200253 a 4500 | ||
|---|---|---|---|
| 005 | 20210223130719.0 | ||
| 008 | 081008s1990 mx r 000 0 spa d | ||
| 035 | _aUPN01000162790 | ||
| 049 | _aUNE | ||
| 080 | _a37.014.1 :373.3 (861) =20COL No.191. | ||
| 100 | 1 | _aColbert, Vicky | |
| 245 | 1 | 0 |
_aUniversalization of primary education in Colombia: the new school programme / _cVicky Colbert, Jairo Arboleda. |
| 260 |
_aParis : _bUNESCO; _aNew York : _bUNICEF; _aRome : _bWFP, _c1990. |
||
| 300 | _apág. irregular. | ||
| 440 | 0 | _aED-90/WS/29 | |
| 500 | _aTexto en inglés y francés. | ||
| 690 | _aEnseñanza primaria- Democratizacion de la educ.- Colombia | ||
| 690 | _aDemocratizacion de la educacion- Enseñanza primaria | ||
| 690 | _aColombia- Enseñanza primaria- Democratizacion de la educac. | ||
| 710 | 2 | _aUNESCO | |
| 710 | 2 |
_aUNICEF _924085 |
|
| 710 | 2 | _aWFP. Programa de Alimentación Mundial. | |
| 905 | _aUNESCO | ||
| 999 |
_c134903 _d134903 |
||